|
|
|
|
| LEADER |
02402nam a2200517 i 4500 |
| 001 |
EBC5502948 |
| 003 |
MiAaPQ |
| 005 |
20200520144314.0 |
| 006 |
m o d | |
| 007 |
cr cnu|||||||| |
| 008 |
180925s2018 nju ob 001 0 eng d |
| 020 |
|
|
|z 9781119484523
|
| 020 |
|
|
|a 9781119484547
|q (electronic bk.)
|
| 020 |
|
|
|a 9781119484554
|q (electronic bk.)
|
| 035 |
|
|
|a (MiAaPQ)EBC5502948
|
| 035 |
|
|
|a (Au-PeEL)EBL5502948
|
| 035 |
|
|
|a (CaPaEBR)ebr11603481
|
| 035 |
|
|
|a (OCoLC)1048064460
|
| 040 |
|
|
|a MiAaPQ
|b eng
|e rda
|e pn
|c MiAaPQ
|d MiAaPQ
|
| 050 |
|
4 |
|a HD30.2
|b .L364 2018
|
| 082 |
0 |
|
|a 658.4/038
|2 23
|
| 100 |
1 |
|
|a Langer, Arthur M.,
|e author.
|
| 240 |
1 |
0 |
|a Strategic IT
|
| 245 |
1 |
0 |
|a Strategic information technology :
|b best practices to drive digital transformation /
|c Arthur M. Langer, Lyle Yorks.
|
| 250 |
|
|
|a Second edition.
|
| 264 |
|
1 |
|a Hoboken, NJ :
|b Wiley,
|c [2018]
|
| 264 |
|
4 |
|c 2018
|
| 300 |
|
|
|a 1 online resource (307 pages).
|
| 336 |
|
|
|a text
|b txt
|2 rdacontent
|
| 337 |
|
|
|a computer
|b c
|2 rdamedia
|
| 338 |
|
|
|a online resource
|b cr
|2 rdacarrier
|
| 490 |
1 |
|
|a CIO series
|
| 500 |
|
|
|a Previous edition published as Strategic IT.
|
| 504 |
|
|
|a Includes bibliographical references and index.
|
| 505 |
0 |
|
|a The CIO dilemma -- IT drivers and supporters -- The strategic advocacy mindset -- Real-world case studies -- Implications for personal development -- Digital transformation and business strategy -- Integrating Gen Y talent -- Creating a cyber security culture -- The non-IT CIO of the future -- New directions for the CIO of the future.
|
| 588 |
|
|
|a Description based on print version record.
|
| 590 |
|
|
|a Electronic reproduction. Ann Arbor, MI : ProQuest, 2018. Available via World Wide Web. Access may be limited to ProQuest affiliated libraries.
|
| 650 |
|
0 |
|a Information technology
|x Management.
|
| 650 |
|
0 |
|a Strategic planning.
|
| 650 |
|
0 |
|a Chief information officers.
|
| 655 |
|
4 |
|a Electronic books.
|
| 700 |
1 |
|
|a Yorks, Lyle,
|e author.
|
| 776 |
0 |
8 |
|i Print version:
|a Langer, Arthur M.
|t Strategic information technology : best practices to drive digital transformation.
|b Second edition.
|d Hoboken, NJ : Wiley, c2018
|h 307 pages
|k CIO (Series)
|z 9781119484523
|w (DLC) 2018036813
|
| 797 |
2 |
|
|a ProQuest (Firm)
|
| 830 |
|
0 |
|a ICO (Series)
|
| 856 |
4 |
0 |
|u https://ebookcentral.proquest.com/lib/matrademy/detail.action?docID=5502948
|z Click to View
|